| 000 | 01216nam a2200265 i 4500 | ||
|---|---|---|---|
| 001 | bg | ||
| 100 | 1 | _aHEWITT, Nicola. | |
| 245 | 0 | 0 |
_aPodręcznik ICLEI[International Council for Local Environmental Initiatives] w zakresie zarządzania środowiskiem dla władz samorządowych Środkowej i Wschodniej Europy. _nT.5, _pŚrodki i instrumenty zarządzania ochroną środoiwska / _c[aut. tomu] Martin Storksdieck, współpr. Konrad Otto-Zimmermann ; Nicola Hewitt ; [kier. projektu Konrad Otto-Zimmermann]. |
| 260 |
_aFreiburg ; Gdańsk : _bICLEI European Secretariat : _bFundacja ECOBALTIC, _c1997. |
||
| 300 |
_a109 s. : _bwykr.; _c30 cm. |
||
| 500 | _aZawiera dodatek dotyczący Unii Europejskiej. | ||
| 650 | 9 |
_aZarządzanie _xgospodarka _zEuropa Środkowo-Wschodnia |
|
| 650 | 9 |
_aSamorząd terytorialny _zEuropa Środkowo-Wschodnia |
|
| 650 | 9 |
_aŚrodowisko człowieka _xochrona _zEuropa Środkowo-Wschodnia |
|
| 655 | _aPodręczniki | ||
| 700 | 1 | _aSTORKSDIECK, Martin. | |
| 700 | 1 | _aOTTO-ZIMMERMAN, Konrad. | |
| 020 | _a8388070029 | ||
| 040 | _cBPK | ||
| 041 | 1 | _apl | |
| 080 | _a352/353:332.1:504.06](4-191.2-11) | ||
| 920 | _a83-88070-02-9 | ||
| 942 | _cKS | ||
| 008 | s pl f |000 0 pol | ||
| 999 |
_c36119 _d36119 |
||
| 856 |
_uhttp://koha.tu.koszalin.pl/cgi-bin/koha/opac-detail.pl?biblionumber=36119 _yKatalog online BPK |
||